| 000 | 00621nam a2200217 u 4500 | ||
|---|---|---|---|
| 005 | 20240228064050.0 | ||
| 008 | 121011s2007 es r 000 0 spa d | ||
| 020 | _a9788493486334 | ||
| 035 | _aUPN01000187334 | ||
| 049 | _aI | ||
| 050 | 4 |
_aPZ76.3 _bR8.5 |
|
| 100 | 1 |
_aRubio, Gabriela, _d1966- _932416 |
|
| 245 | 1 | 1 |
_a¿Dónde estoy? / _cGabriela Rubio. |
| 260 |
_aBarcelona, Esp. : _bEkaré. _c2007. |
||
| 300 |
_a10 p. : _bprincipalmente il. col. |
||
| 440 | 0 | _aPikinini | |
| 650 | 4 |
_aLibros y lectura para niños _92290 |
|
| 650 | 7 |
_aAnimales en la literatura _2 _91055 |
|
| 905 | _aInfantil | ||
| 999 |
_c159437 _d159437 |
||